Violeta del pueblo
Gespeichert in:
| 1. Verfasser: | |
|---|---|
| Weitere Verfasser: | |
| Format: | Buch |
| Sprache: | Spanisch |
| Veröffentlicht: |
Madrid
Visor Libros
2004
|
| Ausgabe: | 4a. ed |
| Schriftenreihe: | El Poeta en su Voz, 70
|
| Schlagworte: | |
| Tags: |
Tag hinzufügen
Keine Tags, Fügen Sie den ersten Tag hinzu!
|
MARC
| LEADER | 00000cam a2200000 a 4500 | ||
|---|---|---|---|
| 001 | UCC6519 | ||
| 003 | CL-VaPUC | ||
| 005 | 20230531074423.0 | ||
| 008 | 181213e20040000sp |||||||||||||||||spa|d | ||
| 999 | |c 373460 |d 373458 | ||
| 020 | |a 8475220703 | ||
| 040 | |c Pontificia Universidad Católica de Valparaíso | ||
| 082 | 0 | 4 | |a Ch861 |b PAR |2 21 |
| 100 | |a Parra, Violeta |q (Parra Sandoval, Violeta) |e autora |9 310731 | ||
| 245 | 1 | 0 | |a Violeta del pueblo |
| 250 | |a 4a. ed | ||
| 260 | |a Madrid |b Visor Libros |c 2004 | ||
| 300 | |a 153 p | ||
| 490 | 0 | |a El Poeta en su Voz, 70 | |
| 583 | |a last modification |c 20181213 14:55:00 |k Rodrigo Vera | ||
| 650 | 0 | |a Poesía chilena |9 268403 | |
| 650 | 0 | |a Literatura chilena |9 308278 | |
| 650 | 0 | |a Folklore chileno |9 265536 | |
| 650 | 0 | |a Poetas chilenos |9 326722 | |
| 700 | |a Martínez Reverte, Javier |e editor |9 880640 | ||
| 942 | |c BK |2 ddc | ||
| 945 | |d 20181213 14:55:00 |a dcastane | ||
| 952 | |0 0 |1 0 |3 erb |4 0 |6 CH_861_000000000000000_PAR_2004 |7 0 |8 A |9 491567 |a BIBART |b BIBART |i 5523249 |l 6 |o Ch861 PAR 2004 |p 5523249 |r 2025-03-13 |s 2024-11-27 |w 2019-11-24 |y BK |z Catalogado en:20181213 |k ART | ||